000 00436cam a22001814a 4500
005 20250605164248.0
008 250528s ||||||||||||||||||||||||d
035 _a21626
040 _aGR-AtMCL
_bgre
_dGR-AtMCL
_eAACR2
245 1 _aTICKETING HANDBOOK
250 _a24
260 _c1992
710 2 _aIata
_99805
710 2 _aInternational Air Transport Association
_99806
942 _cBK
999 _c6687
_d6687